Central Library OPAC University of Rajshahi

Social psychology of modern life / (Record no. 2347)

MARC details
000 -LEADER
fixed length control field 00856cam a22002771 4500
001 - CONTROL NUMBER
control field 2347
003 - CONTROL NUMBER IDENTIFIER
rucl marc code BD-RjUL
005 - DATE AND TIME OF LATEST TRANSACTION
control field 20211208233529.0
008 - FIXED-LENGTH DATA ELEMENTS--GENERAL INFORMATION
fixed length control field 131211s1960 nyua b 000 0 eng
035 ## - SYSTEM CONTROL NUMBER
System control number (BD-RjUL)2374
System control number (OCoLC)255041
040 ## - CATALOGING SOURCE
Original cataloging agency DLC
Transcribing agency ODaWU
Modifying agency OCoLC
-- DLC
-- BD-RjUL
Language of cataloging eng
041 ## - LANGUAGE CODE
Language code of text/sound track or separate title eng
082 04 - DEWEY DECIMAL CLASSIFICATION NUMBER
Classification number 301.15
Edition number 19
Author mark and year BRS 1960
100 1# - MAIN ENTRY--PERSONAL NAME
Personal name Britt, Steuart Henderson,
Dates associated with a name 1907-
9 (RLIN) 7603
245 10 - TITLE STATEMENT
Title Social psychology of modern life /
Statement of responsibility, etc. Steuart Henderson Britt.
250 ## - EDITION STATEMENT
Edition statement Rev. ed.
260 ## - PUBLICATION, DISTRIBUTION, ETC. (IMPRINT)
Place of publication, distribution, etc. New York :
Name of publisher, distributor, etc. Rinehart,
Date of publication, distribution, etc. 1960.
300 ## - PHYSICAL DESCRIPTION
Pagination xvi, 703 p. :
Illustrations illus. ;
Size 24 cm.
504 ## - BIBLIOGRAPHY, ETC. NOTE
Bibliography, etc Bibliographies: p. 603-678. Includes "Recommended readings."
650 #0 - SUBJECT ADDED ENTRY--TOPICAL TERM
Topical term or geographic name as entry element Social psychology.
9 (RLIN) 7604
651 #0 - SUBJECT ADDED ENTRY--GEOGRAPHIC NAME
Geographic name United States
General subdivision Social life and customs.
9 (RLIN) 7605
942 ## - ADDED ENTRY ELEMENTS (KOHA)
Source of classification or shelving scheme Dewey Decimal Classification
Koha item type Books
Holdings
Lost status Source of classification or shelving scheme Damaged status Not for loan Collection code Permanent Location Current Location Shelving location Date acquired Source of acquisition Cost, normal purchase price Total Checkouts Full call number Date last seen Copy number Koha item type
  Dewey Decimal Classification     Non-fiction Central Library, University of Rajshahi Central Library, University of Rajshahi   21/01/1965 Zeitlinger 64.00   301.15 BRS 1960 11/12/2013 C-5 Books
  Dewey Decimal Classification   Not For Loan Non-fiction Central Library, University of Rajshahi Central Library, University of Rajshahi Reading Room 15/02/1965 Zeitlinger 67.00   301.15 BRS 1960 29/04/2014 C-1 Books
  Dewey Decimal Classification     Non-fiction Central Library, University of Rajshahi Central Library, University of Rajshahi   15/02/1963 Zitlinger 64.00   301.15 BRS 1960 30/04/2014 C-3 Books
  Dewey Decimal Classification     Non-fiction Central Library, University of Rajshahi Central Library, University of Rajshahi   21/01/1965 Not Fount. 64.00   301.15 BRS 1960 07/05/2014 C-4 Books
  Dewey Decimal Classification       Central Library, University of Rajshahi Central Library, University of Rajshahi   15/02/1963 Zeitlinger 64.00   301.15 BRS 1960 30/07/2016 C-6 Books